000
00297nam a22001337a 4500
008
181016b xxu||||| |||| 00| 0 eng d
020
_a
52868096-X
041
_a
eng
080
_2
3rd
_a
940
100
_a
21
101
_a
SHP
245
_a
The Community in America
_c
Warren,R.L
942
_2
udc
_c
BK
999
_c
49831
_d
49831